000 00659nam a22002057a 4500
003 OSt
005 20260112080840.0
008 260112b |||||||| |||| 00| 0 eng d
020 _a0-374-27941-
040 _aDWCL-Main lib.
_cOC
082 _21st
_aCirc. 810.9 P755t 1999
100 _aPoirier, Richard
245 _aTrying it out in America :
_bliterary and other performances/
_cRichard Poirier
250 _a1st
260 _aNew York :
_b Farrar, Straus & Giroux,
_cc1999
300 _axvi, 310 p. :
_c21 cm
504 _aIncludes index.
650 _aAmerican literature-history and criticsm-civilization
942 _2ddc
_cBK-CIRC
_e1st
_hCirc.
_n0
999 _c7303
_d7303